Người Việt với biển

Giới thiệu lịch sử biển đảo Việt Nam, nhận thức của người Việt về biển đảo. Vị trí thương mại và quan hệ giao thương của biển, an ninh kinh tế biển

Gardado en:
Detalles Bibliográficos
Autor Principal: Nguyễn, Văn Kim
Formato: Libro
Idioma:Undetermined
Publicado: Hà Nội Thế Giới 2011
Các nhãn: Engadir etiqueta
Sen Etiquetas, Sexa o primeiro en etiquetar este rexistro!
Thư viện lưu trữ: Trung tâm Học liệu Trường Đại học Cần Thơ
LEADER 00754nam a2200193Ia 4500
001 CTU_176214
008 210402s9999 xx 000 0 und d
020 |c 150000 
082 |a 959.7 
082 |b K310 
100 |a Nguyễn, Văn Kim 
245 0 |a Người Việt với biển 
245 0 |c Nguyễn Văn Kim (chủ biên) 
260 |a Hà Nội 
260 |b Thế Giới 
260 |c 2011 
520 |a Giới thiệu lịch sử biển đảo Việt Nam, nhận thức của người Việt về biển đảo. Vị trí thương mại và quan hệ giao thương của biển, an ninh kinh tế biển 
904 |i Năm 
980 |a Trung tâm Học liệu Trường Đại học Cần Thơ